The observation on swine infectionus disease at batheay district, kampong cham provice; ការអង្កេតលើជំងឺឆ្លងដែលកើតមានឡើងចំពោះជ្រូកនៅស្រុកបាធាយ ខេត្តកំពង់ចាម (Record no. 10872)

000 -LEADER
fixed length control field 00691nam a22001577a 4500
003 - CONTROL NUMBER IDENTIFIER
control field OSt
005 - DATE AND TIME OF LATEST TRANSACTION
control field 20161123103843.0
008 - FIXED-LENGTH DATA ELEMENTS--GENERAL INFORMATION
fixed length control field 161123b xxu||||| |||| 00| 0 eng d
040 ## - CATALOGING SOURCE
Transcribing agency RUA
082 ## - DEWEY DECIMAL CLASSIFICATION NUMBER
Classification number VEM BAK 2015 B533 Or.1
100 ## - MAIN ENTRY--PERSONAL NAME
9 (RLIN) 11306
Personal name BAK KEMSREAV; បាក់ គីមស្រៀវ
245 ## - TITLE STATEMENT
Title The observation on swine infectionus disease at batheay district, kampong cham provice; ការអង្កេតលើជំងឺឆ្លងដែលកើតមានឡើងចំពោះជ្រូកនៅស្រុកបាធាយ ខេត្តកំពង់ចាម
260 ## - PUBLICATION, DISTRIBUTION, ETC. (IMPRINT)
Place of publication, distribution, etc. PHNOM PENH
Name of publisher, distributor, etc. BAK
Date of publication, distribution, etc. 2015
300 ## - PHYSICAL DESCRIPTION
Extent ix;48p.
Other physical details ill.
Dimensions 29cm.
942 ## - ADDED ENTRY ELEMENTS (KOHA)
Source of classification or shelving scheme
Koha item type VEM
Holdings
Price effective from Date last seen Permanent Location Not for loan Date acquired Source of classification or shelving scheme Koha item type Barcode Lost status Damaged status Shelving location Withdrawn status Current Location Full call number
2016-11-232016-11-23Library Block B 2016-11-23 VEMA03297  B533 Library Block BVEM BAK 2015 B533 Or.1
2016-11-232016-11-23Library Block B 2016-11-23 VEMA04150  B533 Library Block BVEM BAK 2015 B533 Or.2
2016-11-232016-11-23Library Block B 2016-11-23 VEMA04075  B533 Library Block BVEM BAK 2015 B533 Or.3
2016-11-232016-11-23Library Block B 2016-11-23 VEMA03973  B533 Library Block BVEM BAK 2015 B533 Or.4
2016-11-232016-11-23Library Block B 2016-11-23 VEMA03304  B533 Library Block BVEM BAK 2015 B533 Or.5
2016-11-232016-11-23Library Block B 2016-11-23 VEMA04261  B533 Library Block BVEM BAK 2015 B533 Or.6
2016-11-232016-11-23Library Block B 2016-11-23 VEMA04145  B533 Library Block BVEM BAK 2015 B533 Or.7
2016-11-232016-11-23Library Block B 2016-11-23 VEMA04070  B533 Library Block BVEM BAK 2015 B533 Or.8
មជ្ឈមណ្ឌលឯការនៃសាកលវិទ្យាល័យភូមិន្ទកសិកម្មចំការដូង

Powered by Koha